LEADER 01585nam0 22003853i 450 001 VAN00261407 005 20250728121449.858 017 70$2N$a9789811668074 100 $a20230714d2022 |0itac50 ba 101 $aeng 102 $aSG 105 $a|||| ||||| 181 $ai$b e 182 $ab 183 $acr 200 1 $aTopological Polymer Chemistry$eConcepts and Practices$feditors Yasuyuki Tezuka, Tetsuo Deguchi 210 $aSingapore$cSpringer$d2022 215 $aXI, 436 p.$cill.$d24 cm 620 $aSG$dSingapore$3VANL000061 676 $a540$cChimica generale$v22 676 $a620.1$cScienze dei materiali$v22 676 $a523.019$cFisica molecolare, atomica, nucleare$v22 676 $a530.44$cFisica del plasma$v22 676 $a641$cScienze degli alimenti$v22 702 1$aDeguchi$bTetsuo$3VANV215721 702 1$aTezuka$bYasuyuki$3VANV098683 712 $aSpringer $3VANV108073$4650 801 $aIT$bSOL$c20250801$gRICA 856 4 $uhttps://link.springer.com/book/10.1007/978-981-16-6807-4$zE-book - Accesso al full-text attraverso riconoscimento IP di Ateneo, proxy e/o Shibboleth 899 $aBIBLIOTECA DEL DIPARTIMENTO DI SCIENZE E TECNOLOGIE AMBIENTALI BIOLOGICHE E FARMACEUTICHE$1IT-CE0101$2VAN17 912 $fN 912 $aVAN00261407 950 $aBIBLIOTECA DEL DIPARTIMENTO DI SCIENZE E TECNOLOGIE AMBIENTALI BIOLOGICHE E FARMACEUTICHE$d17CONS e-book 2306 $e17BIB2306/133 133 20230714 996 $aTopological polymer chemistry$92921681 997 $aUNICAMPANIA